• 首页
  • 本馆介绍
  • 公告通知
  • 最新文献
  • 馆藏检索
  • 电子资源
  • 读者导购
  • 参考咨询
  • 我的图书馆
  • 登录
  • 详细信息显示
  • 放入我的书架
  • 预约/预借图书
  • 作者相关作品
  • 分类相关作品
  • 丛书相关作品
  • 出版社相关作品

书目信息

  • 表格格式
  • 工作单格式
  • 卡片格式
题名:
信息技术课程标准与学科教学
    
 
作者: 赵波 , 段崇江 , 张杰 主编
分册:  
出版信息: 北京   科学出版社  2014
页数: 210页
开本: 24cm
丛书名:
单 册:
中图分类: G633.673
科图分类:
主题词: 计算机课--课程标准--中小学--教学参考资料 , 计算机课 , 课程标准
电子资源:
ISBN: 978-7-03-039957-1
000 01447nam0 2200301 450
001 519
005 20140910081250.90
010    @a978-7-03-039957-1@dCNY39.00
100    @a20140519d2014 em y0chiy50 ea
101 0  @achi
102    @aCN@b110000
105    @ay z 000yy
106    @ar
200 1  @a信息技术课程标准与学科教学@AXin Xi Ji Shu Ke Cheng Biao Zhun Yu Xue Ke Jiao Xue@dCurriculum standards and teaching of information technology@f赵波,段崇江,张杰主编@FZhao Bo, Duan Chong Jiang, Zhang Jie Zhu Bian@zeng
210    @a北京@c科学出版社@d2014
215    @a210页@d24cm
300    @a云南师范大学教材出版基金 云南师范大学民族教育信息化教育部重点实验室 云南师范大学信息学院计算实验教学中心省级建设项目资助出版
330    @a本书结合教育部颁布的中小学信息技术课程指导纲要和高中信息技术课程标准,按照课堂教学设计与实施的过程组织编写,内容涵盖信息技术课程标准解读、信息技术课程资源开发与利用、信息技术课程教学设计、信息技术教学实施、信息技术教学评价、信息技术教学研究和信息化教学环境建设与维护。
510 1  @aCurriculum standards and teaching of information technology@zeng
606 0  @a计算机课@x课程标准@x中小学@j教学参考资料
606 0  @a计算机课
606 0  @a课程标准
690    @aG633.673@v5
701  0 @a赵波@AZhao Bo@f(1971.4~)@4主编
701  0 @a段崇江@ADuan Chong Jiang@g(信息技术)@4主编
701  0 @a张杰@AZhang Jie@g(信息技术)@4主编
801  0 @aCN@bTANGWEI@c20140603
905    @b0838021-23@dG633.673@e687@f3
    
    信息技术课程标准与学科教学=Curriculum standards and teaching of information technology/赵波,段崇江,张杰主编.-北京:科学出版社,2014
    210页;24cm
    云南师范大学教材出版基金 云南师范大学民族教育信息化教育部重点实验室 云南师范大学信息学院计算实验教学中心省级建设项目资助出版
    
    ISBN 978-7-03-039957-1:CNY39.00
    本书结合教育部颁布的中小学信息技术课程指导纲要和高中信息技术课程标准,按照课堂教学设计与实施的过程组织编写,内容涵盖信息技术课程标准解读、信息技术课程资源开发与利用、信息技术课程教学设计、信息技术教学实施、信息技术教学评价、信息技术教学研究和信息化教学环境建设与维护。
●
相关链接 在E读中查询图书 在五车中查询图书 在当当中查询图书 在豆瓣中查询图书


正题名:信息技术课程标准与学科教学     索取号:G633.673/687         预约/预借

序号 登录号 条形码 馆藏地/架位号 状态 备注
1 0838021   208380214   第一样本阅览室/ [索取号:G633.673/687] 在馆    
2 0838022   208380223   第四借阅区/ [索取号:G633.673/687] 在馆    
3 0838023   208380232   密集书库-物理学院/ [索取号:G633.673/687] 在馆    
唐山师范学院图书馆 欢迎您!
大连网信软件有限公司© 版权所有